| 000 | 00458nam a22001817a 4500 | ||
|---|---|---|---|
| 999 |
_c526540 _d526540 |
||
| 003 | NUST | ||
| 005 | 20190712114128.0 | ||
| 038 | _awaseem | ||
| 082 |
_a891.421 _bAKR |
||
| 100 |
_aAkram, Juniad _917558 |
||
| 245 |
_aPatan Chanan Da / _cJuniad Akram |
||
| 260 |
_aLahore : _bBazam Faqeer, _c2010. |
||
| 300 | _a224 p. ; | ||
| 500 | _aHardcover. | ||
| 880 |
_6100-01\r _aجنید اکرم |
||
| 880 |
_6245-02\r _aپتن چہناں دا / |
||
| 942 |
_2ddc _cBK |
||